000
00232nam a22000857a 4500
008
160624b xxu||||| |||| 00| 0 eng d
100
_9
1080
_a
Brumfield, J.C
245
_a
Mystery At Midnight
260
_a
Chanbersburg
_b
Mcbeh Corporation
_c
1946
999
_c
866
_d
866